000 01167nam a22001937a 4500
003 OSt
005 20260122194235.0
008 230308b ||||| |||| 00| 0 eng d
040 _cOst
041 _ashan
082 _a294.365
245 _aပပ်ႉလိၵ်ႈမၢႆမီဢုပတ်ေပၺတ်ၶျတ်မုၵ်ႉၸုံးယုၵ်ႉသုင်ၽႆပတိပတ်တိုၵ်ၵံမထၼ်း (မူလ) မိၼ်းၵုၼ်းၸ်ေတဝုၼ်သႃသၼႃမၼ်ဢွင်
_c(မူလ) မိၼ်းၵုၼ်းထံမႃၸရိယတြႃးပြသြႃႇၸိုင်ႈတႆး
300 _a110 ၼႃႈ
_c19 ၸိၼ်ႇထီႇ
500 _aS-SAT: Dr. Prof Sai Aung Tun
500 _aပပ်ႉၸဝ်ႈတႃႇၼႁၢင်းၶေႃ တွၵ်ႉတိူဝ်ႉၸၢႆးဢွင်ႇထုၼ်း။ တႅမ်ႈလိၵ်ႈတႆးလိၵ်ႈမၢၼ်ႈၸွမ်းၵၼ်
650 _aမုၵ်ႉၸုမ်း (ၵိူင်း)-ပုတ်ႉထၽႃႇသႃႇ
_921719
942 _cBK1
942 _2ddc
999 _c22990
_d22990